000
00303cam a22001097a 4500
008
180718b1929 xxu||||| |||| 00| 0 eng d
082
_a
A99 C777
100
_a
Coolidge, Calvin
245
_a
Autobiography of Calvin Coolidge
_c
by Calvin Coolidge
260
_a
London
_b
Chatto & Windus
_c
1929
300
_a
246p
999
_c
416431
_d
416431